000 00507nam a2200193Ia 4500
003 GCL
008 140319s9999 xx 000 0 eng d
040 _aGCL /
_cGCL
082 0 4 _a610.73
_bE N
100 1 _aELLIS, JANICE R.
245 1 0 _aNURSING A HUMAN NEEDS APPROACH /
_cELLIS, JANICE R.
700 1 _aNOWLIS, ELIZABETH A.
260 _a[S.N] :
_bJ. B LIPPINCOTT COMPANY ،
_c1994
300 _a930 P
650 0 4 _aNURSING
650 0 4 _aNURSING CARE
650 0 4 _aPATIENTS CARE
942 _2ddc
_cBK
999 _c20828
_d20828